Statistics for 2022-2023 FBS Final Rankings

Click here to take the quiz!

General Stats

  • This quiz has been taken 13 times
  • The average score is 19 of 25

Answer Stats

HintAnswer% Correct
ACCClemson
100%
SECGeorgia
100%
Big TenMichigan
100%
Pac-12Oregon
100%
SECTennessee
100%
Pac-12UCLA
100%
Pac-12Washington
100%
IndependentNotre Dame
89%
Big TenOhio State
89%
Pac-12Oregon State
89%
Big 12Texas
89%
Pac-12USC
89%
SECAlabama
78%
Big 12Kansas State
78%
SECLSU
78%
Big TenPenn State
78%
Big 12TCU
78%
ACCFlorida State
67%
SECSouth Carolina
56%
Pac-12Utah
56%
ACCPittsburgh
44%
SECMississippi State
33%
Sun BeltTroy
33%
AmericanTulane
22%
Mountain WestFresno State
11%

Score Distribution

Percentile by Number Answered

Percent of People with Each Score

Your Score History

You have not taken this quiz